| 000 | 00754nam a2200229Ia 4500 | ||
|---|---|---|---|
| 005 | 20250108125055.0 | ||
| 008 | 008 250107s9999 xx 000 0 hin d | ||
| 020 | _a978-93-91034-79-5 | ||
| 037 | _aTB | ||
| 040 |
_aCRL _bhin _cCRL |
||
| 041 |
_ahin _2hin |
||
| 084 | _aQ.1 Q4 | ||
| 084 | _qCRL | ||
| 100 | _aनारंग, हरीश, ले. | ||
| 245 | 0 |
_aसुनते थे सहर होगी _cनारंग, हरीश, ले. |
|
| 260 |
_aदिल्ली, भारत _bविजय बुक्स _c3220 |
||
| 300 | _a144पृ0 | ||
| 365 |
_aINR _b650 |
||
| 650 |
_aहिन्दी कहानीहिन्दी साहित्य _9729733 |
||
| 942 |
_cTB _hQ.1 Q4 |
||
| 999 |
_c1235608 _d1235608 |
||